ドラえもんの映画タイトル「の」か「と」かクイズ - Statistics

General Stats
  • This quiz has been taken 653 times
  • The average score is 24 of 36
Answer Stats
Question Answer % Correct
のび太?宇宙開拓史/新・のび太?宇宙開拓史
88%
のび太?竜の騎士
87%
のび太?魔界大冒険/のび太?新魔界大冒険
85%
のび太?パラレル最遊記
85%
のび太?創世日記
81%
のび太?月面探査記
79%
のび太?宇宙漂流記
78%
のび太?南海大冒険
77%
のび太?宇宙小戦争/のび太?宇宙小戦争 2021
76%
のび太?翼の勇者たち
76%
のび太?恐竜/のび太?恐竜2006/のび太?新恐竜
73%
のび太?鉄人兵団/新・のび太?鉄人兵団
73%
のび太?日本誕生/新・のび太?日本誕生
73%
のび太?ねじ巻き都市冒険記
73%
のび太?宇宙英雄記
73%
のび太?南極カチコチ大冒険
73%
のび太?絵世界物語
70%
のび太?ブリキの迷宮
69%
のび太?ワンニャン時空伝
66%
のび太?雲の王国
65%
のび太?ふしぎ風使い
63%
のび太?奇跡の島
63%
のび太?地球交響楽
63%
のび太?大魔境/新・のび太?大魔境
61%
のび太?人魚大海戦
61%
のび太?夢幻三剣士
60%
のび太?宝島
60%
のび太?ドラビアンナイト
59%
のび太?空の理想郷
57%
のび太?太陽王伝説
56%
のび太?アニマル惑星
51%
のび太?ひみつ道具博物館
50%
のび太?海底鬼岩城
48%
のび太?ロボット王国
47%
のび太?緑の巨人伝
44%
のび太?銀河超特急
43%
No matching quizzes found
Score Distribution
Percent of People with Each Score
Percentile by Number Answered
Your Score History
You have not taken this quiz